Wszystkie nazwy ulic w starej kiszewie - Statystyki

Ogólne statystyki
  • Ten quiz został rozwiązany 3 razy
  • Średni wynik to 2 z 33
Statystyki odpowiedzi
Ulica Odpowiedź % Poprawnych
Ul. Polna
100%
Ul. Leśna
67%
Ul. Kościelna
33%
Ul. Łąkowa
33%
Ul. 6 Marca
0%
Ul. Adama Mickiewicza
0%
Ul. Brzozowa
0%
Ul. Cypriana Kamila Norwida
0%
Ul. Czesława Miłosza
0%
Ul. Jana Kochanowskiego
0%
Ul. Jana Pawła II
0%
Ul. Juliusza Słowackiego
0%
Ul. Konarzyńska
0%
Ul. Kościerska
0%
Ul. Letniskowa
0%
Ul. Marii Konopnickiej
0%
Ul. Ogrodowa
0%
Ul. Partyzantów
0%
Ul. Piaskowa
0%
Ul. Piotra Szorca
0%
Ul. Słoneczna
0%
Ul. Sosnowa
0%
Ul. Spacerowa
0%
Ul. Spokojna
0%
Ul. Stara Konarzyńska
0%
Ul. Świerkowa
0%
Ul. Tysiąclecia
0%
Ul. Wczasowa
0%
Ul. Wrzosowa
0%
Ul. Wybudowanie
0%
Ul. Wygonińska
0%
Ul. Wyzwolenia
0%
Ul. Zamkowa
0%
Nie znaleziono quizów pasujących do podanych kryteriów
Rozkład punktacji
Procent ludzi z każdym wynikiem
Percentyl według liczby udzielonych odpowiedzi
Twoja historia wyników
Nie rozwiązałeś tego quizu